000 00286nam a2200121Ia 4500
008 191201s2005 xx 000 0 und d
100 _aKEENE, Ray
245 4 _aThe Times Two Brains
260 _aN.Delhi
_bViva Books
_c2005
300 _a158
650 _aGeneral Books
942 _2ddc
_cBK
999 _c1760
_d1760